| 000 | 02210nam0a2200397 4500 | ||
|---|---|---|---|
| 001 | RU\NLR\BIBL_A\012789120 | ||
| 005 | 20260406134454.0 | ||
| 010 |
_a978-5-86866-760-2 _91000 |
||
| 021 |
_aRU _b2022-7058 _9КН-П-571 |
||
| 035 | _a(RuMoRGB)010973328 | ||
| 035 | _a(NLR Aleph) 012789120 | ||
| 090 |
_a13147438 _c13147438 |
||
| 100 | _a20220517d2022 |||y0rusy50 ca | ||
| 101 | 0 |
_aeng _arus |
|
| 102 | _aRU | ||
| 105 | _aa z 000zy | ||
| 181 | 0 |
_ab3 _bab2e |
|
| 181 | 0 |
_ai1 _bab2e |
|
| 182 | 0 | _an | |
| 200 | 1 |
_aКольцо друидов _eрассказы об истории Великобритании _eанглийский язык _eкнига для чтения в 7-8-м классе _eучебное пособие _fМарианна Кауфман, Клара Кауфман |
|
| 203 |
_aИзображение _aТекст _bвизуальные _cнепосредственные |
||
| 210 |
_aОбнинск _cТитул _d2022 |
||
| 215 |
_a78, [1] с. _cил. _d22 |
||
| 300 | _aНа обл.: The ring of the druids / M. & K. Kaufman | ||
| 330 | _aСодержание книги способствует формированию устойчивых страноведческих знаний по истории Великобритании с помощью создания атмосферы эмоционального сопереживания с героями, живущими и действующими в ту или иную историческую эпоху | ||
| 512 | 1 |
_6z20790 _aThe ring of the druids |
|
| 606 | 1 |
_aАнглийский язык _jХрестоматии для средней школы _9972309 _3RU\NLR\AUTH\6646032 |
|
| 686 | 3 | _aШ143.21-93рус21[7/8]хрест | |
| 700 | 1 |
_8rus _7ca _aКауфман _bМ.Ю. _gМарианна Юрьевна _3RU\NLR\AUTH\7725689 _98735 |
|
| 701 | 1 |
_8rus _7ca _aКауфман _bК. И. _gКлара Исааковна _3RU\NLR\AUTH\772241 _9112257 |
|
| 790 | 1 |
_8rus _7ba _aKaufman _bM. J. _gMarianna Jur'evna _3RU\NLR\AUTH\7725691 _98737 |
|
| 790 | 1 |
_8rus _7ba _aKaufman _bK.I. _gKlara Isaakovna _3RU\NLR\AUTH\7725688 _98734 |
|
| 942 | _cBOOK | ||
| 980 | _aNB | ||